Open Data Biblioteca Nacional de Portugal


República Portuguesa: Ministério da Cultura
Biblioteca Nacional de Portugal

Catálogo da BNP: acesso por Identificadores Unívocos
Registos Bibliográficos associados ao registo de autoridade

Etiqueta de registo: 01062cam 02200349 04500
001 565319
003 http://id.bnportugal.gov.pt/bib/catbnp/565319
005 20010823115100.0
010 ## $a972-36-0322-5
021 ## $aPT$b75165/94
095 ## $aPTBN00774227
100 ## $a19951006d1994 de y0pory0103 ba
101 0# $apor
102 ## $aPT
105 ## $aa z 001yy
106 ## $ar
200 1# $aSexo para adolescentes$fMarta Suplicy$gil. Walter Caldeira$gfot. Fernando Tomanik
210 #9 $aPorto$cAfrontamento,$dD.L. 1994
215 ## $a150, [2] p.$cil.$d24 cm
225 2# $aGrand'Angular$v6
325 ## $aTexto em braille. - Porto : CPAC, 1997. - 3 vol., integral ; 32 cm
675 ## $a613.88$vBN$zpor$3556412
700 #1 $aSuplicy,$bMarta$3171628
702 #1 $aTomanik,$bFernando$4600$3194144
702 #1 $aCaldeira,$bWalter$4440$3194145
801 #0 $aPT$bBN$gRPC
966 ## $c2$lBN$mFGMON$sS.A. 79792 V.$x1
966 ## $c2$lBN$mFGMON$sS.A. 79792 V.$x1
966 ## $d2v$lBN$mINVISU$s2662 7958$x0
966 ## $d3v$lBN$mINVISU$s2662 7959$x0
966 ## $lBN$mINVISU$s2662bl_001-2662bl_003 $x0
997 ## $aBIBEOD

Etiqueta de registo: 00745cam 022002653 04500
001 627767
003 http://id.bnportugal.gov.pt/bib/catbnp/627767
005 19990105000000.0
021 ## $aPT$b75165/94
095 ## $aPTBN00839268
100 ## $a19961112d1994 de y0pory0103 ba
101 0# $apor
102 ## $aPT
105 ## $aa z 001yy
106 ## $ar
200 1# $aSexo para adolescentes$fMarta Suplicy$gil. Walter Caldeira$gfot. Fernando Tomanik
205 ## $a2ª ed
210 #9 $aPorto$cAfrontamento,$dD.L. 1994 [D.L. 1996]
215 ## $a150, [2] p.$cil.$d24 cm
225 2# $aGrand'Angular$v6
675 ## $a613.88$vBN$zpor$3556412
700 #1 $aSuplicy,$bMarta$3171628
702 #1 $aTomanik,$bFernando$4600$3194144
702 #1 $aCaldeira,$bWalter$4440$3194145
801 #0 $aPT$bBN$gRPC
966 ## $lBN$mFGMON$sS.A. 82504 V.$x1
997 ## $aBIBEOD

OpendataBNP@bnportugal.pt | Mais informação sobre acesso aos dados BNP